000 00482nam a2200181Ia 4500
003 GCL
008 140319s9999 xx 000 0 eng d
040 _aGCL /
_cGCL
082 0 4 _a843
_bT F
100 1 _aTOUZOT, JEAN
245 1 0 _aFRANCOIS MAURIAC: OEUVRES ROMANESQUES (1911-1951) /
_cTOUZOT, JEAN
260 _a[S.N] :
_bLA POCHOTHEQUE ،
_c1992
300 _a1209 P
650 0 4 _aLITERATURE
650 0 4 _aMAURICA, FRANCOIS
650 0 4 _aFRENCH LITERATURE
942 _2ddc
_cBK
999 _c24474
_d24474